| 000 | 00544nam a2200157 4500 | ||
|---|---|---|---|
| 001 | 143594 | ||
| 003 | ES-MaACL | ||
| 005 | 20230906200843.0 | ||
| 007 | t| | ||
| 008 | 070214s1958 sp r ||||1| spa d | ||
| 110 | 2 |
_aEspaña. _bServicio Nacional del Trigo. _93989 |
|
| 245 | 1 | 0 |
_aVeinte años de actuación / _cMinisterio de Agricultura, Servicio Nacional del Trigo. |
| 260 |
_aMadrid : _b[s. n.], _c1958 ( _fTall. Blass) |
||
| 300 |
_a354 p., 1, 14, 23 lám. ; _c30 cm + _eXIV gráf. + 1 gráf. pleg. |
||
| 852 |
_aES-MaACL _jC-12860 _bR.43991 |
||
| 999 |
_c143594 _d143594 |
||